00000000nam##2200000za#4500
0019.633687
003CaOODSP
00520210624215439
007cr |||||||||||
008150407|2006||||xxc|||||o    f|0| 0 fre|d
040 |aCaOODSP|bfre
043 |an-cn---
0861 |aH128-1/06-432-1F-PDF
1101 |aCanada. |bSanté Canada.|bDirection générale de la santé environnementale et de la sécurité des consommateurs.
24510|aLignes directrices sur la qualité de l'air intérieur résidentiel - formaldéhyde |h[ressource électronique]
260 |aOttawa - Ontario : |bSanté Canada. |c2006.
300 |a3p.|btableaux
500 |aLe n° de catalogue (H128-1/06-432-1F) et l'ISBN (0-662-71180-7) pour l'édition imprimée ont été incorrectement copiés dans cette édition PDF.
590 |a07-05|b2007-02-02
69107|aQualité de l'air|2gcpds
69107|aLogement|2gcpds
77508|tResidential indoor air quality guideline - formaldehyde |w(CaOODSP)9.689269
7760#|tLignes directrices sur la qualité de l'air intérieur résidentiel - formaldéhyde |w(CaOODSP)9.683214
85640|ahttp://publications.gc.ca|qPDF|s296 Ko|uhttps://publications.gc.ca/collections/Collection/H128-1-06-432-1F.pdf